000 00907nam a22003017a 4500
001 BR2014000840
003 BR-BrBNA
005 20230928104346.0
007 ta
008 230509b bl.||||| |||| 00| 0 por d
040 _aBR-BrBNA
_bpor
_cBiblioteca Nacional de Agricultura
041 _a(Por)
072 _aD50; P01
090 _ D50 BR2014000840
100 1 _aBorba, A.C.L. de
100 1 _aSlongo, D.L.
110 1 _aEmpresa de Assistência Técnica e Extensão Rural, Porto Alegre, RS (Brasil)
_94065
245 1 _aSíntese do novo código florestal brasileiro para uso da extensão rural do Rio Grande do Sul
260 3 _aPorto Alegre, RS (Brasil):
_c2013.
300 _a26 p.
500 _a8 illus.; 5 tables
650 _aCONSERVAÇÃO
650 _aMEIO AMBIENTE
650 _aLEGISLAÇÃO
650 _aCADASTRO RURAL
909 _a202309
_bLucia
_c55
_dLucia Elande
942 _cBK
999 _c79482
_d79482